Energia, energia, kde ťa Slovensko vezme?

Návrh energetickej koncepcie Slovenska. Výroba a spotreba elektrickej energie v SR. Prognóza potreby elektrickej energie pre Slovensko. Využitie hydroenergetického potenciálu podľa doteraz platnej energetickej koncepcie SR. Základné energetické scenáre pre Slovensko. Náklady potrebné na dokončenie I...

Description complète

Enregistré dans:
Détails bibliographiques
Auteur principal: Morháčová, Jana
Format: Chapitre de livre
Langue:slovaque
Sujets:
Tags: Ajouter un tag
Pas de tags, Soyez le premier à ajouter un tag!

MARC

LEADER 00000naa a2200000 4500
001 r035496
005 20230919123457.5
041 0 |a slo 
044 |a SK 
245 1 0 |a Energia, energia, kde ťa Slovensko vezme?  |c Jana Morháčová 
520 |a Návrh energetickej koncepcie Slovenska. Výroba a spotreba elektrickej energie v SR. Prognóza potreby elektrickej energie pre Slovensko. Využitie hydroenergetického potenciálu podľa doteraz platnej energetickej koncepcie SR. Základné energetické scenáre pre Slovensko. Náklady potrebné na dokončenie I. etapy vyraďovania JE A-1. Jadrová elektráreň Mochovce. Otázky privatizácie energetiky. 
610 2 0 |a energetika 
610 2 0 |a koncepcie 
610 2 0 |a potreby spoločenské 
610 2 0 |a elektrárne atómové 
610 2 0 |a elektrárne tepelné 
610 2 0 |a spotreba energie 
610 2 0 |a sebestačnosť 
610 2 0 |a elektrárne 
610 2 0 |a financie 
610 2 0 |a pohľadávky 
610 2 0 |a Slovensko 
100 1 |a Morháčová, Jana